[Event "AUTO-INT-1558"]
[Site "http://www.queenalice.com/game.php?id=702639"]
[Date "2009.12.23"]
[Round "1"]
[White "Hugopessanha"]
[Black "Gutemberg"]
[Result "1-0"]
[WhiteElo "1653"]
[BlackElo "1275"]

1. e4 e5 2. Nf3 Qf6 3. d3 Qb6 4. Nxe5 Bc5 5. d4 Bxd4 6. Bc4 Nh6 7. Qf3 d6 8.
Bxh6 Bc3+ 9. bxc3 f6 10. Bxg7 dxe5 11. Bxh8 Nd7 12. a4 Qb2 13. Ra2 Qxb1+ 14. Qd1
Qb6 15. a5 Qc5 16. Be2 Qxc3+ 17. Qd2 Qc6 18. f3 Nc5 19. Rb2 1-0

[Event "AUTO-INT-1558"]
[Site "http://www.queenalice.com/game.php?id=702640"]
[Date "2009.12.23"]
[Round "1"]
[White "Gutemberg"]
[Black "Hugopessanha"]
[Result "0-1"]
[WhiteElo "1273"]
[BlackElo "1641"]

1. e4 Nf6 2. e5 Nd5 3. d4 e6 4. Nf3 g6 5. Bg5 Be7 6. Bh6 g5 7. Qd2 Rg8 8. Bd3 f5
9. Nc3 Rg6 10. Bxg5 Bxg5 11. Nxg5 Rxg5 12. O-O-O Nxc3 13. Qxc3 b6 14. g3 Bb7 15.
Rhg1 d6 16. Bb5+ c6 17. Ba4 b5 18. Bb3 d5 0-1

[Event "3"]
[Site "http://www.queenalice.com/game.php?id=706434"]
[Date "2009.12.31"]
[Round "-"]
[White "pacomar16"]
[Black "Gutemberg"]
[Result "0-1"]
[WhiteElo "1005"]
[BlackElo "1285"]

1. e4 e5 2. Qh5 Qf6 3. Qf5 Qe7 4. Bc4 Nf6 5. c3 Nc6 6. d4 d5 7. Qf3 dxc4 8. dxe5
Nxe5 9. Qe2 Nxe4 10. Bf4 Ng4 11. Qxc4 Nd2+ 12. Kxd2 Nxf2 13. Qf1 Qd7+ 14. Qd3
Qxd3+ 15. Ke1 Bc5 16. Nd2 O-O 17. Bg3 Re8+ 18. Ne2 Qxe2# 0-1

[Event "AUTO-INT-1565"]
[Site "http://www.queenalice.com/game.php?id=706465"]
[Date "2009.12.31"]
[Round "1"]
[White "Gutemberg"]
[Black "Hugopessanha"]
[Result "0-1"]
[WhiteElo "1271"]
[BlackElo "1643"]

1. e4 e5 2. Bc4 Nf6 3. Nc3 Bc5 4. Qe2 d6 5. Nd5 Ng4 6. Qf3 Nxf2 7. Nxc7+ Qxc7 8.
Nh3 Nxh1 9. Ng5 f6 10. Bf7+ Kd8 11. Be6 fxg5 12. d4 Bxd4 13. Bxg5+ Ke8 14. Qh5+
g6 15. Qh6 Bxe6 16. O-O-O Nf2 0-1

[Event "AUTO-INT-1565"]
[Site "http://www.queenalice.com/game.php?id=706476"]
[Date "2009.12.31"]
[Round "1"]
[White "Renatogr90"]
[Black "Gutemberg"]
[Result "1-0"]
[WhiteElo "1545"]
[BlackElo "1290"]

1. e4 e5 2. Nf3 Nc6 3. Bb5 Nf6 4. Bxc6 dxc6 5. d4 Nxe4 6. Nxe5 Qh4 7. Qf3 Be6 8.
Bf4 Bd5 9. O-O Nd2 10. Qg4 Qxg4 11. Nxg4 Nxf1 12. Kxf1 Rc8 13. Nc3 Bd6 14. Re1+
Be7 15. Nxd5 cxd5 16. Ne3 O-O 17. Nxd5 Bd6 18. Bxd6 cxd6 19. c3 b5 20. Ne7+ Kh8
21. Nxc8 Rxc8 22. Re7 Kg8 23. Rxa7 b4 24. cxb4 Rc2 25. Ra8+ 1-0

[Event "AUTO-INT-1565"]
[Site "http://www.queenalice.com/game.php?id=706477"]
[Date "2009.12.31"]
[Round "1"]
[White "Gutemberg"]
[Black "Renatogr90"]
[Result "1-0"]
[WhiteElo "1231"]
[BlackElo "1514"]

1. e4 e5 2. Bc4 Nc6 3. Qf3 Nf6 4. d3 Bb4+ 5. Bd2 Bxd2+ 6. Nxd2 Nd4 7. Qd1 d5 8.
exd5 Nxd5 9. Ngf3 Nxf3+ 10. Qxf3 c6 11. O-O O-O 12. Ne4 g6 13. b4 Be6 14. Nc5
Bc8 15. Ne4 Bf5 16. Nc5 b5 17. Bb3 Qg5 18. Ne4 Bxe4 19. dxe4 Nxb4 20. Rfd1 Rad8
21. Rxd8 Qxd8 22. Rd1 Qe7 23. c3 Na6 24. a4 Nc5 25. Bc2 Nxa4 26. c4 a6 27. c5
Nxc5 28. Qa3 Re8 29. g3 Na4 30. Qd3 c5 31. Qd5 c4 32. Qc6 Nc3 33. Re1 a5 34. Re3
b4 35. Qa6 b3 36. Rxc3 bxc2 37. Rxc2 Qb4 38. Rxc4 Qb1+ 39. Kg2 Qa1 40. Rc7 Qd4
41. Qxa5 Qxe4+ 42. Kg1 Ra8 43. Ra7 Rxa7 44. Qxa7 Qe1+ 45. Kg2 f5 46. Qa2+ Kg7
47. Qa7+ Kh6 48. Qe3+ Qxe3 49. Kg1 Qe1+ 50. Kg2 Qe4+ 51. Kf1 Qh1+ 52. Ke2 f4 53.
gxf4 exf4 54. f3 Qxh2+ 55. Ke1 1-0

[Event "AUTO-INT-1565"]
[Site "http://www.queenalice.com/game.php?id=706482"]
[Date "2009.12.31"]
[Round "1"]
[White "shmurtz91"]
[Black "Gutemberg"]
[Result "1-0"]
[WhiteElo "1577"]
[BlackElo "1282"]

1. e4 e5 2. Nc3 Bc5 3. Nf3 d6 4. d3 Bg4 5. Be2 Nf6 6. h3 Bh5 7. Bg5 Nc6 8. Nxe5
Nxe5 9. Bxh5 O-O 10. d4 Bxd4 11. Qxd4 Qd7 12. Bxf6 Qe6 13. Bxe5 dxe5 14. Qe3
Rad8 15. O-O Rd6 16. Nd5 Rc6 17. c3 g6 18. Bg4 Qd6 19. Rad1 b6 20. Qg5 Rc4 21.
Nf6+ Kh8 22. Rxd6 cxd6 23. Qh6 1-0

[Event "AUTO-INT-1565"]
[Site "http://www.queenalice.com/game.php?id=706483"]
[Date "2009.12.31"]
[Round "1"]
[White "Gutemberg"]
[Black "shmurtz91"]
[Result "0-1"]
[WhiteElo "1278"]
[BlackElo "1597"]

1. e4 e5 2. Bc4 Nc6 3. Qf3 Nh6 4. d3 Nd4 5. Qd1 d6 6. Nf3 Bg4 7. Bxh6 Bxf3 8.
gxf3 gxh6 9. Nc3 c6 10. f4 exf4 11. Qg4 Nxc2+ 12. Ke2 Nxa1 13. Rxa1 Qg5 14. Qf3
Bg7 15. Na4 b5 16. e5 dxe5 17. Qxc6+ Ke7 18. Nc5 Rhd8 19. Ne6 Qg6 20. Qc5+ Kf6
21. Nxd8 Rxd8 22. Qxa7 bxc4 23. dxc4 Qd3+ 24. Ke1 Bf8 25. a4 Bb4# 0-1

[Event "AUTO-BEG-371"]
[Site "http://www.queenalice.com/game.php?id=707449"]
[Date "2010.1.2"]
[Round "1"]
[White "Gutemberg"]
[Black "Jokull"]
[Result "1-0"]
[WhiteElo "1277"]
[BlackElo "1556"]

1. e4 e5 2. Qf3 f6 3. Bc4 Nc6 4. d3 Nd4 5. Qd1 b5 6. Bd5 c6 7. Bb3 a5 8. g3 Nh6
9. Bxh6 gxh6 10. Qh5+ Ke7 11. Qf7+ Kd6 12. Nc3 a4 13. Bd5 Nxc2+ 14. Kf1 Nxa1 15.
Nf3 Qe7 16. Nxb5+ cxb5 17. Qh5 Nc2 18. Bxa8 Nb4 19. a3 Nxd3 20. Ke2 Nxb2 21. Qh3
Ba6 22. Nh4 b4+ 23. Kf3 bxa3 24. Nf5+ Kc7 25. Nxe7 Bxe7 26. Rc1+ Kd6 27. Qxh6
Rxa8 28. Qd2+ Ke6 29. Ra1 Rc8 30. Qd5# 1-0

[Event "AUTO-BEG-371"]
[Site "http://www.queenalice.com/game.php?id=707462"]
[Date "2010.1.2"]
[Round "1"]
[White "DRL"]
[Black "Gutemberg"]
[Result "1-0"]
[WhiteElo "1227"]
[BlackElo "1265"]

1. e4 e5 2. d4 Nc6 3. d5 Nd4 4. Nf3 d6 5. Be3 Nxf3+ 6. Qxf3 Nf6 7. Bc4 Bg4 8.
Qg3 Qd7 9. Nc3 O-O-O 10. O-O Nh5 11. Bb5 Qe7 12. Qxg4+ Kb8 13. Qxh5 g6 14. Qh3
h5 15. a4 g5 16. Qf5 g4 17. Qg5 1-0

[Event "AUTO-BEG-371"]
[Site "http://www.queenalice.com/game.php?id=707463"]
[Date "2010.1.2"]
[Round "1"]
[White "Gutemberg"]
[Black "DRL"]
[Result "0-1"]
[WhiteElo "1247"]
[BlackElo "1245"]

1. e4 e5 2. Bc4 Nf6 3. d3 d6 4. Nc3 Be7 5. Nf3 O-O 6. Ng5 Nc6 7. Nd5 Nd4 8. Nxc7
Qxc7 9. O-O Bg4 10. Qe1 b5 11. Bd5 Nxc2 12. Qe3 Nxe3 13. Bxe3 Rab8 14. Rfc1 Qa5
15. Rc6 Qa4 16. b3 Qa3 17. g3 Qb2 0-1

[Event "AUTO-BEG-371"]
[Site "http://www.queenalice.com/game.php?id=707470"]
[Date "2010.1.2"]
[Round "1"]
[White "McKubik"]
[Black "Gutemberg"]
[Result "0-1"]
[WhiteElo "1283"]
[BlackElo "1220"]

1. e4 e5 2. Nc3 Bc5 3. Nf3 Nc6 4. Bc4 d6 5. Nb5 Nf6 6. Ng5 d5 7. exd5 Na5 8. Qe2
Nxd5 9. Bxd5 Bd7 10. Qxe5+ Be7 11. Qxg7 Bxb5 12. Qxh8+ Kd7 13. Qe5 Bxg5 14. Qg7
Qe8+ 15. Kd1 Qe2# 0-1

[Event "AUTO-BEG-371"]
[Site "http://www.queenalice.com/game.php?id=707471"]
[Date "2010.1.2"]
[Round "1"]
[White "Gutemberg"]
[Black "McKubik"]
[Result "1-0"]
[WhiteElo "1269"]
[BlackElo "1264"]

1. e4 e5 2. Bc4 Qh4 3. Qf3 Nc6 4. g3 Qf6 5. Qb3 Bc5 6. d4 Nxd4 7. Qd3 Bb4+ 8.
Nc3 Qd6 9. Be3 Nf6 10. Nf3 c5 11. O-O-O Ng4 12. Nxd4 exd4 13. Qe2 h5 14. Qf3 f6
15. Nb5 Qa6 16. Qf5 Qc6 17. Qg6+ Kf8 18. Qf7# 1-0

[Event "Let's Play Chess!"]
[Site "http://www.queenalice.com/game.php?id=707505"]
[Date "2010.1.3"]
[Round "-"]
[White "Gutemberg"]
[Black "charles31"]
[Result "0-1"]
[WhiteElo "1284"]
[BlackElo "1747"]

1. e4 e5 2. Bc4 Bc5 3. Qf3 Nf6 4. d3 d6 5. Nc3 Bg4 6. Qg3 h6 7. Qh4 Qd7 8. Nd5
Nxd5 9. Bxd5 c6 10. Bc4 g5 11. Qg3 a5 12. Be3 Bxe3 13. Qxe3 Bh5 14. f3 b5 15.
Bb3 a4 16. Bxf7+ Bxf7 17. Nh3 Na6 18. O-O-O Bxa2 19. d4 O-O-O 20. dxe5 d5 21. f4
gxf4 22. Nxf4 d4 23. Rxd4 Qxd4 24. Qg3 Qd2# 0-1

[Event "Challenge"]
[Site "http://www.queenalice.com/game.php?id=779554"]
[Date "2010.5.23"]
[Round "-"]
[White "claudius46"]
[Black "Gutemberg"]
[Result "0-1"]
[WhiteElo "1344"]
[BlackElo "1258"]

1. e4 e5 2. Bc4 Qf6 3. Qf3 Qg6 4. Nc3 Bd6 5. Nd5 Nf6 6. Nxf6+ gxf6 7. Ne2 b6 8.
Ng3 Bc5 9. Qf5 Qh6 10. d3 Qf8 11. Qxf6 Nc6 12. Nf5 Rg8 13. Bg5 Bb4+ 14. c3 Rg6
15. Bh6 Qg8 16. Bxf7+ Qxf7 17. Qh8+ Rg8 18. Ng7+ Kd8 19. cxb4 Rxh8 0-1

[Event "Challenge"]
[Site "http://www.queenalice.com/game.php?id=779559"]
[Date "2010.5.23"]
[Round "-"]
[White "Gutemberg"]
[Black "claudius46"]
[Result "0-1"]
[WhiteElo "1301"]
[BlackElo "1320"]

1. e4 e5 2. Nf3 Nf6 3. Qe2 d5 4. exd5 Nxd5 5. Qxe5+ Ne7 6. Bc4 Nc6 7. Qf4 f6 8.
Nc3 Nb4 9. Bb3 Ng6 10. Qe3+ Be7 11. d4 Nf8 12. Nd5 c6 13. Nc3 Ng6 14. Be6 Nxc2+
15. Kd1 Nxa1 16. Re1 Bb4 17. Bxc8+ Qe7 18. Qe6 Kd8 19. Bd2 Qxe6 20. Bxe6 Re8 21.
Na4 Bxd2 22. Nxd2 Nf4 23. Nc5 Nxg2 24. Rg1 Nf4 25. Rxg7 Nxe6 26. Nxe6+ Rxe6 27.
Rxb7 h6 28. Rh7 a5 29. Rxh6 Rb8 30. Kc1 Re1# 0-1